Issues in Pakistan's economy / (Record no. 234743)

000 -LEADER
fixed length control field 01332cam a2200349 a 4500
001 - CONTROL NUMBER
control field 14108611
003 - CONTROL NUMBER IDENTIFIER
control field Nust
005 - DATE AND TIME OF LATEST TRANSACTION
control field 20170330115802.0
008 - FIXED-LENGTH DATA ELEMENTS--GENERAL INFORMATION
fixed length control field 050915s2005 pk b 001 0 eng
010 ## - LIBRARY OF CONGRESS CONTROL NUMBER
LC control number 2005307018
020 ## - INTERNATIONAL STANDARD BOOK NUMBER
International Standard Book Number 9780195979145
020 ## - INTERNATIONAL STANDARD BOOK NUMBER
International Standard Book Number 0195979141
025 ## - OVERSEAS ACQUISITION NUMBER
Overseas acquisition number P-E-2005307018; 19
040 ## - CATALOGING SOURCE
Original cataloging agency DLC
Transcribing agency DLC
Modifying agency DLC
042 ## - AUTHENTICATION CODE
Authentication code lcode
043 ## - GEOGRAPHIC AREA CODE
Geographic area code a-pk---
050 00 - LIBRARY OF CONGRESS CALL NUMBER
Classification number 330.95491 ZAI
Item number .Z348 2005
082 ## - DEWEY DECIMAL CLASSIFICATION NUMBER
Classification number 330.95491 ZAI
100 1# - MAIN ENTRY--PERSONAL NAME
Personal name Zaidi, S. Akbar.
245 10 - TITLE STATEMENT
Title Issues in Pakistan's economy /
Statement of responsibility, etc. S. Akbar Zaidi.
250 ## - EDITION STATEMENT
Edition statement 2nd ed. rev. and expanded.
260 ## - PUBLICATION, DISTRIBUTION, ETC.
Place of publication, distribution, etc. Karachi :
Name of publisher, distributor, etc. Oxford University Press,
Date of publication, distribution, etc. 2011.
300 ## - PHYSICAL DESCRIPTION
Extent xii, 530 p. ;
Dimensions 28 cm.
500 ## - GENERAL NOTE
General note Previous ed.: Karachi : Oxford University Press, 1999.
504 ## - BIBLIOGRAPHY, ETC. NOTE
Bibliography, etc. note Includes bibliographical references (p. 521-524) and index.
651 #0 - SUBJECT ADDED ENTRY--GEOGRAPHIC NAME
Geographic name Pakistan
General subdivision Economic conditions.
651 #0 - SUBJECT ADDED ENTRY--GEOGRAPHIC NAME
Geographic name Pakistan
General subdivision Economic policy.
856 42 - ELECTRONIC LOCATION AND ACCESS
Materials specified Publisher description
Uniform Resource Identifier <a href="http://www.loc.gov/catdir/enhancements/fy0640/2005307018-d.html">http://www.loc.gov/catdir/enhancements/fy0640/2005307018-d.html</a>
856 42 - ELECTRONIC LOCATION AND ACCESS
Materials specified Contributor biographical information
Uniform Resource Identifier <a href="http://www.loc.gov/catdir/enhancements/fy0726/2005307018-b.html">http://www.loc.gov/catdir/enhancements/fy0726/2005307018-b.html</a>
906 ## - LOCAL DATA ELEMENT F, LDF (RLIN)
a 7
b cbc
c origode
d 3
e ncip
f 20
g y-gencatlg
942 ## - ADDED ENTRY ELEMENTS (KOHA)
Source of classification or shelving scheme
Koha item type Book
Call number prefix 330.95491 ZAI
Holdings
Withdrawn status Lost status Source of classification or shelving scheme Damaged status Not for loan Collection code Permanent Location Current Location Shelving location Date acquired Total Checkouts Full call number Barcode Date last seen Price effective from Koha item type
            Institute of Environmental Science and Engineering (IESE) Institute of Environmental Science and Engineering (IESE) General Stacks 03/30/2017   330.95491 ZAI IESE-2756 03/30/2017 03/30/2017 Book
            Institute of Environmental Science and Engineering (IESE) Institute of Environmental Science and Engineering (IESE) General Stacks 03/30/2017   330.95491 ZAI IESE-2757 03/30/2017 03/30/2017 Book
            Institute of Environmental Science and Engineering (IESE) Institute of Environmental Science and Engineering (IESE) Reference 12/12/2017   330.95491 ZAI IESE-2755 12/12/2017 12/12/2017 Book
© 2023 Central Library, National University of Sciences and Technology. All Rights Reserved.